[Event "GER-chT U14 Girls"]
[Site "Greifswald"]
[Date "2001.12.30"]
[Round "7.4"]
[White "Neumann, Tanja"]
[Black "Kleineberg, Tabea Konstanze"]
[Result "1-0"]
[WhiteElo "989"]
[BlackElo "100"]
[PlyCount "45"]
[EventDate "2001.12.27"]
[EventType "team-swiss"]
[EventRounds "7"]
[EventCountry "GER"]
[SourceTitle "EXT 2003"]
[Source "ChessBase"]
[SourceDate "2002.11.25"]
[SourceVersion "1"]
[SourceVersionDate "2002.11.25"]
[SourceQuality "1"]
[WhiteTeam "Wadgassen/Differten U14 Girls"]
[BlackTeam "Hemer U14 Girls"]
[WhiteTeamCountry "GER"]
[BlackTeamCountry "GER"]

1. e4 e5 2. Nf3 Nc6 3. Bc4 Bc5 4. Nc3 Nf6 5. d3 d6 6. Bg5 h6 7. Be3 Bb6 8. 0-0 Be6 9. Bb3 Qd7 10. Nd5 Nxd5 11. Bxd5 Bg4 12. c3 f6 13. b4 a6 14. a4 0-0-0 15. Qb3 Rhe8 16. Nd2 Be6 17. Nc4 Bxe3 18. fxe3 Bxd5 19. exd5 Ne7 20. e4 Ng6 21. b5 axb5 22. axb5 Nf4 23. Ra8# 1-0